Statistics for Taylor Swift- Is it over now? (lyrics)

Click here to take the quiz!

General Stats

  • This quiz has been taken 23 times
  • The average score is 307 of 357

Answer Stats

Answer% Correct
on
100%
the
100%
a
95%
about
95%
And
95%
and
95%
but
95%
come
95%
"Come
95%
I
95%
is
95%
jumping
95%
Just
95%
my
95%
no
95%
of
95%
Off
95%
running
95%
see
95%
something
95%
somethings
95%
tall
95%
then
95%
think
95%
Think
95%
to
95%
very
95%
when
95%
When
95%
you?
95%
You
95%
you
95%
Your
95%
your
95%
be
89%
blouse?
89%
couch?
89%
down
89%
ear
89%
had
89%
he
89%
hips
89%
If
89%
it
89%
oh
89%
Oh
89%
over
89%
she
89%
thighs
89%
thing
89%
wanting
89%
was
89%
Was
89%
as
84%
At
84%
Baby
84%
baby
84%
blue
84%
Blue
84%
'bout
84%
called
84%
date
84%
did
84%
didn't
84%
flashing
84%
for
84%
girl
84%
her
84%
here"
84%
in
84%
keep
84%
least
84%
lights
84%
Lord
84%
nights
84%
now?
84%
out
84%
Red
84%
say
84%
There
84%
there
84%
were
84%
whispered
84%
white
84%
bed
79%
been
79%
before
79%
boat
79%
clone
79%
coffees
79%
decency
79%
dress
79%
every
79%
eyes
79%
fast
79%
flight
79%
flown
79%
greater
79%
I've
79%
laid
79%
later
79%
Let's
79%
lying
79%
model's
79%
mouth
79%
new
79%
one
79%
Only
79%
passed
79%
probably
79%
search
79%
traitor
79%
unbuttoned
79%
300
74%
blood
74%
dream
74%
forward
74%
go
74%
got
74%
maiden's
74%
she's
74%
sight
74%
snow
74%
takeout
74%
that
74%
you'll
74%
blind
68%
dates
68%
Once
68%
rumours
68%
smile
68%
surmise
68%
waiters
68%
will
68%
you'd
68%
all
63%
alone
63%
control
63%
unsuspecting
63%
lost
58%
profile
58%
rose
58%
sighs
58%
still
58%
wouldn't
58%
awkward
53%
slept
53%
hoping
47%
With
47%
wilt
42%

Score Distribution

Percentile by Number Answered

Percent of People with Each Score

Your Score History

You have not taken this quiz